00429nam a2200121Ia 4500008004100000024004200041082001600083100005500099245006900154260002500223600002100248650003800269250506s9999 xx 000 0 und d a12B-007-BS, 12B-95-BS & 11B-98-BS a004.072 AMM aAmmara Naseem. Muhammad Ahsan & Aadil Taj Siddiqui 0aSecure Communication Using Elptic Curve Cryptography (code book) aKarachi:bUIT,c2012 aComputer Science aBachelor of Computer Science (BS)